00456nam a2200157Ia 45000010006000000050017000060080041000230410008000640820015000721000045000872450113001322600009002453000028002546500008002826540008002902073520260306172827.0260306t2022||||xx |||||||||||||| ||spa|| aESP a343.7bV27 aValverde Encarnación, Gianpierre,eAUT 0aLa caducidad del procedimiento administrativo sancionador en la ley del procedimiento administrativo general c2022 a254 páginas :c25 cm. aGEN aCDE